000 00280nam a2200097Ia 4500
001 1075507
005 20250827002239.0
008 250824s9999 xx 000 0 und d
245 0 _aANADOLU SELÇUKLU SANATININ GEOMETRİK DİLİ
_cSERAP EKİZLER SÖNMEZ
260 _bKETEBE YAYINLARI
999 _c1075507
_d1075507